Identificación, cuantificación y caracterización de los residuos de construcción para sistemas constructivos modulares de viviendas en serie
Gespeichert in:
| 1. Verfasser: | |
|---|---|
| Weitere Verfasser: | |
| Format: | Buch |
| Sprache: | Spanish |
| Veröffentlicht: |
[San José], Costa Rica
2021
|
| Schlagworte: | |
| Online Zugang: | https://cedi.ucr.ac.cr/civil/identificacion-cuantificacion-y-caracterizacion-de-los-residuos-de-construccion-para-sistemas-constructivos-modulares-de-viviendas-en-serie/ |
| Tags: |
Tag hinzufügen
Keine Tags, Fügen Sie den ersten Tag hinzu!
|
MARC
| LEADER | 00000nam a2200000Ia 4500 | ||
|---|---|---|---|
| 003 | 013393 | ||
| 005 | 20230509135142.0 | ||
| 007 | 013403 | ||
| 008 | 140116s2021 cr a 000 ||spa d | ||
| 040 | |c cru CEDI | ||
| 100 | |a Bolaños Esquivel, Silvia Elena,1989- |9 137 | ||
| 245 | |a Identificación, cuantificación y caracterización de los residuos de construcción para sistemas constructivos modulares de viviendas en serie | ||
| 260 | |a [San José], Costa Rica |c 2021 | ||
| 500 | |a Proyecto de graduación (licenciatura en ingeniería civil)--Universidad de Costa Rica. Facultad de Ingeniería. Escuela de Ingeniería Civil | ||
| 501 | |a Directora de Proyecto de Graduación: Ing. Nidia Cruz Zúñiga, M.Sc. | ||
| 650 | |x RESIDUOS SOLIDOS - CLASIFICACION |x RESIDUOS SOLIDOS - MEDICIONES |x INDUSTRIA DE LA CONSTRUCCION - DISPOSICION DE RESIDUOS |x CONSTRUCCIONES MODULARES |x INDUSTRIA DE LA CONSTRUCCION - MINIMIZACION DE RESIDUOS | ||
| 700 | |9 99 |a Cruz Zúñiga, Nidia |d Directora del TFG | ||
| 856 | |u https://cedi.ucr.ac.cr/civil/identificacion-cuantificacion-y-caracterizacion-de-los-residuos-de-construccion-para-sistemas-constructivos-modulares-de-viviendas-en-serie/ |y https://cedi.ucr.ac.cr/civil/identificacion-cuantificacion-y-caracterizacion-de-los-residuos-de-construccion-para-sistemas-constructivos-modulares-de-viviendas-en-serie/ | ||
| 942 | |c CEDI |2 ddc |h TFG 8544 |6 TFG_8544_000000000000000 | ||
| 999 | |c 21895 |d 21895 | ||
